Steel Type Pokémon Trivia - Statistics

General Stats
  • This quiz has been taken 26 times
  • The average score is 9 of 20
Answer Stats
Hint Answer % Correct
True or False: Every generation since the Steel type debuted has introduced at least one Steel type specialist True
100%
The number of Coins Gimmighoul needs to evolve 999
79%
Steel is the only type to take 'not very effective' damage from which other type? Dragon
74%
How many Steel types have changed type since they were initially introduced? 3 - Magnemite, Magneton, Mawile
68%
Tinkaton's signature move Gigaton Hammer
68%
Doom Desire is the signature move of which Steel type? Jirachi
68%
Guess the move - Power:140 / Accuracy:95% / PP:5 (without PP ups) Steel Beam
68%
How many Steel types have a type combination exclusive to them (or their evolution line) 9 - Alolan Sandshre, Alolan Sandslash, Empoleon, Heatran, Pawniard, Bisharp, Kingambit, Varoom, Revavroom
63%
As well as Sand Veil, what is Alolan Dugtrio's other standard ability Tangling Hair
63%
A brightly shining gem to be held by Dialga. It boosts the power of Dialga’s Dragon and Steel type moves Adamant Orb
58%
What item may you steel (pun intended) when using Thief against a Magnemite? Metal Coat
53%
The Paldean Elite Four Steel type specialist Poppy
53%
If a Pokémon holding this Berry is hit with a super effective Steel type move, the power of that move will be weakened Babiri Berry
21%
The only Pokémon capable of learning more than one OHKO move via level up Excadrill - Fissure, Horn Drill
21%
A dual Steel type that has no double resistances Pawniard, Bisharp, Kingambit
21%
The first pure Steel type in Pokédex order Galarian Meowth
11%
A Steel type that can learn Steel Beam AND Simple Beam Genesect
11%
When holding an Eviolite, which Steel type has the highest Base Special Defense Hisuian Sliggoo
11%
The only Pokémon that can evolve but is not affected by Eviolite Meltan
11%
The lightest Steel Type Kartana
5%
No matching quizzes found
Score Distribution
Percent of People with Each Score
Percentile by Number Answered
Your Score History
You have not taken this quiz